000 00621nam a2200241Ia 4500
003 OSt
005 20221007070059.0
006 a|||||r|||| 00| 0
007 ta
008 221006b |||||||| |||| 00| 0 eng d
024 _a41,869
037 _cTextual
040 _aFLL
_cFLL
_beng
041 _2eng
_aeng
082 _aZ2,3, Q5
100 _aNarender Kumar
_928303
245 0 _aIndian contract act ,1872
250 _a1st
260 _aFaridabad
_bAllahabad Law Agency India
_c2015
300 _alxxii,911p
_ccm.
942 _hZ2,3, Q5
_cTEXL
_2CC
999 _c1139328
_d1139328